The incompleat surveyor, being the reflections of John A.F. Watson (Record no. 88063)

MARC details
000 -LEADER
fixed length control field 00457cam a2200181 4500
001 - CONTROL NUMBER
control field D9711
008 - FIXED-LENGTH DATA ELEMENTS--GENERAL INFORMATION
fixed length control field 090401t1973 xxu||||| |||| 00| 0 eng d
035 ## - SYSTEM CONTROL NUMBER
System control number (Sirsi) u21803
041 ## - LANGUAGE CODE
Language code of text/sound track or separate title eng
050 ## - LIBRARY OF CONGRESS CALL NUMBER
Classification number 333.0062
100 ## - MAIN ENTRY--PERSONAL NAME
Personal name Watson, John A. F.
245 #4 - TITLE STATEMENT
Title The incompleat surveyor, being the reflections of John A.F. Watson
260 ## - PUBLICATION, DISTRIBUTION, ETC.
Place of publication, distribution, etc. London
Name of publisher, distributor, etc. Estates Gazette Ltd
Date of publication, distribution, etc. 1973
300 ## - PHYSICAL DESCRIPTION
Extent 251p
350 ## - PRICE (NR) (BK AM CF MU VM SE) [OBSOLETE]
Price 3.75
942 ## - ADDED ENTRY ELEMENTS (KOHA)
Suppress in OPAC 0
948 ## - LOCAL PROCESSING INFORMATION (OCLC); SERIES PART DESIGNATOR (RLIN)
c (OCLC) 04/03/1997
Holdings
Withdrawn status Lost status Source of classification or shelving scheme Damaged status Not for loan Home library Current library Shelving location Date acquired Cost, normal purchase price Total Checkouts Full call number Barcode Date last seen Copy number Cost, replacement price Price effective from Koha item type
    Dewey Decimal Classification     London London Basement 14/09/1999 3.75   SHELF 320 30000533 06/08/2019 1 3.75 06/08/2019 Reference material